| Tag |
First Indicator |
Second Indicator |
Subfields |
| LEADER |
00000cam a22000004a 4500 |
| 001 |
in00001682829 |
| 005 |
20151024140954.0 |
| 008 |
000228s2000 cau b 000 0 eng |
| 010 |
|
|
|a 00027817
|
| 020 |
|
|
|a 1582130248
|
| 035 |
|
|
|a (OCoLC)ocm43615644
|
| 040 |
|
|
|a DLC
|c DLC
|d UtOrBLW
|
| 042 |
|
|
|a pcc
|
| 043 |
|
|
|a n-us-ca
|
| 049 |
|
|
|a TXAM
|
| 050 |
0 |
0 |
|a HC107.C23
|b C366 2000
|
| 082 |
0 |
0 |
|a 352.7/7/09794
|2 21
|
| 100 |
1 |
|
|a Neuman, Michael,
|d 1955-
|
| 245 |
1 |
0 |
|a Building California's future :
|b current conditions in infrastructure planning, budgeting, and financing /
|c Michael Neuman, Jan Whittington.
|
| 264 |
|
1 |
|a San Francisco, CA :
|b Public Policy Institute of California,
|c 2000.
|
| 300 |
|
|
|a xix, 107 pages ;
|c 23 cm.
|
| 336 |
|
|
|a text
|b txt
|2 rdacontent
|
| 337 |
|
|
|a unmediated
|b n
|2 rdamedia
|
| 338 |
|
|
|a volume
|b nc
|2 rdacarrier
|
| 504 |
|
|
|a Includes bibliographical references (pages 101-106).
|
| 650 |
|
0 |
|a Infrastructure (Economics)
|z California
|x Decision making.
|
| 650 |
|
0 |
|a Budget
|z California.
|
| 700 |
1 |
|
|a Whittington, Jan,
|d 1965-
|
| 710 |
2 |
|
|a Public Policy Institute of California.
|
| 994 |
|
|
|a E0
|b TXA
|
| 948 |
|
|
|a cataloged
|b h
|c 2002/7/22
|d c
|e blrosas
|f 4:18:19 pm
|
| 999 |
|
|
|a MARS
|
| 999 |
f |
f |
|s cfff77fe-8e19-3b2a-95a0-1bd4092c1ff5
|i 7922300d-bfd3-3583-b97a-a99a3165a140
|t 0
|
| 952 |
f |
f |
|p ric
|a Texas A&M University
|b Rellis Campus
|c Joint Library Facility
|d Remote Storage
|t 0
|e HC107.C23 C366 2000
|h Library of Congress classification
|i unmediated -- volume
|m A14829214631
|
| 998 |
f |
f |
|a HC107.C23 C366 2000
|t 0
|l Remote Storage
|